| 000 | 00671nam a22002057a 4500 | ||
|---|---|---|---|
| 003 | OSt | ||
| 005 | 20250806030320.0 | ||
| 008 | 240910b |||||||| |||| 00| 0 eng d | ||
| 020 | _a0313264740 | ||
| 040 |
_aDWCL-Main Lib. _cOC |
||
| 082 | _aCirc. 650.11 C661t 1992 | ||
| 100 | _aCochran, Wesley J. | ||
| 245 |
_aTime management handbook for librarians / _cJ. Wesley Cochran |
||
| 260 |
_aTokyo, Japan : _bToppan Co., Ltd., and Greenwood Publishing Group, Inc., _cc1992. |
||
| 300 |
_a139 pages ; _c22cm. |
||
| 504 | _aIncludes bibliographical references and index. | ||
| 650 | _a1. Time Management - Handbook. | ||
| 650 | _a2. Plan | ||
| 942 |
_2ddc _cBK-CIRC _kCirc. _n0 |
||
| 999 |
_c3068 _d3068 |
||